000 00638nam a22002417a 4500
003 OSt
005 20140310182923.0
008 130129t xxu||||| |||| 00| 0 eng d
020 _a9712304337
050 _aLB 1027.5
_bK17 1974
082 _aFIL 371.4
_bK14 1974
245 _aFundamentals of guidance and counseling
_cKapunan, Rocio Reyes
260 _aManila :
_bRex Book Store,
_cc1974.
300 _a169 p. :
_b ill. ;
_c23 cm.
521 _acollege students
526 _c1210L-1700L
541 _j1
541 _j2
541 _j3
541 _j4
562 _e4
942 _2lcc
_cBK
_kFIL
999 _c17375
_d17375